000 00734nam a22001937a 4500
003 BD-ChCU
005 20250115133411.0
008 250115b bg ||||| |||| 00| 0 ben d
020 _a9847013102063
040 _cBD-ChCU
082 _2২২
_a২০০ খলি ৬ বি
100 _aখলিল, মোঃ ইব্রাহীম
_97469
245 _aবিশ্বের প্রধান প্রধান ধর্ম /
_cমোঃ ইব্রাহীম খলিল
250 _a২ সং
260 _aঢাকা :
_bমেরিট ফেয়ার প্রকাশন,
_cc২০১৩
300 _a৪৫৩পৃ. :
_c২২ সে.মি.
650 0 _aধর্ম
_97470
942 _2ddc
_cBK
_n0
999 _c105431
_d105431